| 000 | 00591nam a22001815i 4500 | ||
|---|---|---|---|
| 001 | 168567 | ||
| 003 | ES-MaACL | ||
| 005 | 20250831014817.0 | ||
| 008 | 080421s1915 xxu |||| | eng d | ||
| 080 | _a94(73) | ||
| 100 | 1 |
_aMcMaster, John Bach. _9137655 |
|
| 245 | 1 | 2 |
_aA history of the people of the United States from the revolution to the civil war / _cby John Bach McMaster. |
| 260 |
_aNew York : _bD. Appleton and company, _c1915. |
||
| 300 |
_a8 v. ; _c22 cm. |
||
| 651 | 4 |
_aEstados Unidos- _xHistoria _98540 |
|
| 852 |
_aES-MaACL _jD-2835-42 |
||
| 999 |
_c168567 _d168567 |
||